01116nam a2200205 a 450000100100000000500170001000800410002704000250006808200150009310000370010824501630014526000430030830000200035150002360037150400270060704900090063495201220064395201280076599900170089300002862720200930055038.0110411s1984 dr 000 0 spa d aDO-SdBNPbspacBNPHU axxxbV622g1 aViñas Román, Jaime A.92379611aGeneralidades sobre política de educación rural en la República Dominicana :bdocumento básico para estudio y discusión /cJaime A. Viñas Román. aSanto Domingo :bEditora UNPHU,c1984. a23 p. ;c22 cm. aPresentado por el Dr. Jaime A. Viñas Román, Rector de la Universidad Nacional Pedro Henríquez Ureña ante el Consejo Nacional Agricultura. Sección celebrada en el Auditorio del Campus II de la UNPHHU, el 28 de abril, 1984. aBibliografía : p. 23 aBNPD 001054708PDaPDbPDcCTd2011-04-11iLF1l0oxxx V622gp28627-10r2020-06-25w2020-06-25yLFPDZPréstamo en sala 001054728PDaPDbPDcCTd2011-04-11iLF1l0oxxx V622gp28627-20r2020-06-25te. 2w2020-06-25yLFPDZPréstamo en sala c28119d28119